000 00362nam a2200145 i 4500
001 bg
100 1 _aBOROWSKI, Paweł
245 0 _aZabezpieczenie przeciwpożarowe placów i zapleczy budów /
_cP. Borowski.
260 _aWarszawa,
_c1986.
040 _cBPK
041 _apol
080 _a69:614.84
942 _cKS
008 s pl f |000 0 pol
999 _c3079
_d3079
856 _uhttp://koha.tu.koszalin.pl/cgi-bin/koha/opac-detail.pl?biblionumber=3079
_yKatalog online BPK